| 000 | 05996namaa22004331i 4500 | ||
|---|---|---|---|
| 003 | EG-GICUC | ||
| 005 | 20260427131632.0 | ||
| 008 | 260413s2025 ua a|||frm||| 000 0 eng d | ||
| 040 |
_aEG-GICUC _beng _cEG-GICUC _dEG-GICUC _erda |
||
| 041 | 0 |
_aeng _beng _bara |
|
| 049 | _aDeposit | ||
| 082 | 0 | 4 | _a615.82 |
| 092 |
_a615.82 _221 |
||
| 097 | _aM.Sc | ||
| 099 | _aCai01.21.09.M.Sc.2025.Me.C | ||
| 100 | 0 |
_aMerna Ibrahim Abd El Meged, _epreparation. |
|
| 245 | 1 | 0 |
_aCervicogenic headache among subjects with forward head posture : _ba correlational cross-sectional study / _cby Merna Ibrahim Abd El Meged ; Supervisors Prof. Dr. Maher Ahmed Elkeblawy, Prof. Dr. Yasser Ramzy Lasheen. |
| 246 | 1 | 5 |
_aالصداع "عنقى المصدر" بين الأشخاص الذين يعانون من قوام الرأس الأمامى : _bدراسة ارتباطية مقطعية |
| 264 | 0 | _c2025. | |
| 300 |
_a107 pages : _billustrations ; _c25 cm. + _eCD. |
||
| 336 |
_atext _2rda content |
||
| 337 |
_aUnmediated _2rdamedia |
||
| 338 |
_avolume _2rdacarrier |
||
| 502 | _aThesis (M.Sc)-Cairo University, 2025. | ||
| 504 | _aBibliography: pages 92-104. | ||
| 520 | 3 | _aBackground: Cervicogenic headache (CGH) is a common type of headache that arises from cervical spine pathology, often exacerbated by postural issues such as forward head posture (FHP). Purpose: To investigate the correlation between FHP and the prevalence of CGH among young adults. Subjects and methods: A cross-sectional study was conducted on 343 patients aged 18–26 years with abnormal posture. Cervicogenic headache (CGH) was assessed using classification and confirmation criteria. Cervical posture was measured using craniovertebral angle and flexion rotation tests (FRT). Group comparisons and correlations were analyzed using t-tests, ANOVA, and Spearman’s correlation. Results: 15.2% of participants were CGH-positive, and 11.4% had confirmed CGH. No significant differences were found between CGH groups in age, BMI, or craniovertebral angle (P > 0.05). However, CGH-positive and confirmed CGH groups had significantly reduced right and left FRT values (P = 0.0001). Flexion rotation tests showed strong correlations with CGH status. CGH classification had strong positive correlations with FRT (r = 0.621 and 0.591), while CGH confirmation had strong negative correlations (r = -0.594 and -0.563). Craniovertebral angle showed no significant correlation. Conclusion: CGH is strongly associated with limited cervical rotation but not with forward head posture. Flexion rotation tests are valuable in evaluating CGH in patients with abnormal posture. | |
| 520 | 3 | _aالخلفية الصداع العنقي المنشأهو نوع شائع من الصداع ينشأ نتيجة لاضطرابات في العمود الفقري العنقي، وغالبًا ما يتفاقم بسبب مشكلات وضعية مثل وضع الرأس المتقدم. الهدف:هدفت هذه الدراسة إلى التحقيق في العلاقة بين وضع الرأس المتقدم وانتشار الصداع العنقي المنشأ بين البالغين الشباب. الطرق والاساليب:تم إجراء دراسة مقطعية شملت 343 مريضًا تتراوح أعمارهم بين 18 و26 عامًا ويعانون من وضعية جسدية غير طبيعية. تم تقييم الصداع العنقي باستخدام معايير التصنيف والتأكيد. كما تم قياس وضعية الرقبة باستخدام زاوية القحف الفقرية واختبار الدوران أثناء الثني. تم استخدام اختبارات "تي" وتحليل التباين ومعامل ارتباط سبيرمان لتحليل الفروقات والعلاقات بين المتغيرات. المنشأالنتائج:بلغت نسبة المرضى المصنفين إيجابيًا للصداع العنقي 15.2%، وتم تأكيد الإصابة في 11.4% منهم. لم تُسجل فروق معنوية بين مجموعات المرضى من حيث العمر أو مؤشر كتلة الجسم أو زاوية القحف الفقرية (P > 0.05). لكن المجموعات المصابة بالصداع العنقي أظهرت انخفاضًا كبيرًا في قيم اختبار الدوران أثناء الثني (P = 0.0001).أظهرت اختبارات الدوران أثناء الثني ارتباطات قوية بحالة الصداع العنقي؛ حيث كان هناك ارتباط إيجابي قوي مع التصنيف (r = 0.621 و0.591)، وارتباط سلبي قوي مع التأكيد (r = -0.594 و-0.563). بينما لم يكن هناك ارتباط معنوي مع زاوية القحف الفقرية.الخلاصة:يرتبط الصداع العنقي بشكل كبير بانخفاض مدى دوران الرقبة، لكنه لا يرتبط بشكل معنوي بوضعية الرأس الأمامي كما تُقاس بزاوية القحف الفقرية. يُعد اختبار الدوران أثناء الثني أداة فعالة في تقييم الصداع العنقي لدى المرضى ذوي الوضعية غير الطبيعية. | |
| 530 | _aIssues also as CD. | ||
| 546 | _aText in English and abstract in Arabic & English. | ||
| 650 | 0 | _aPhysical Therapy | |
| 650 | 0 | _aالعلاج الطبيعي | |
| 653 | 1 |
_aCervicogenic Headache (CGH) _aforward head posture (FHP) _aCraniovertebral Angle (CVA) _aFlexion Rotation Test (FRT) _aالصداع العنقي المنشأ _aوضع الرأس المتقدم |
|
| 700 | 0 |
_aMaher Ahmed Elkeblawy _ethesis advisor. |
|
| 700 | 0 |
_aYasser Ramzy Lasheen _ethesis advisor. |
|
| 900 |
_b01-01-2025 _cMaher Ahmed Elkeblawy _cYasser Ramzy Lasheen _UCairo University _FFaculty of Physical Therapy _DDepartment of Basic Science |
||
| 905 |
_aShimaa _eEman Ghareb |
||
| 942 |
_2ddc _cTH _e21 _n0 |
||
| 999 | _c179450 | ||